000 00899nam a2200205Ia 4500
003 Ost
005 20260507075128.0
008 260507s9999||||xx |||||||||||||| ||und||
040 _cfsecg
041 _aara
082 _a330
100 _aالأشرم، محمود
_eمؤلف
245 0 _aإقتصاديات المياه في الوطن العربي والعالم /
_c محمود الأشرم
260 _aبيروت:
_bمركز دراسات الوحدة العربية,
_c2001
300 _a344 صفحة؛
_bإيضاحات ؛
_c25 سم
520 _aاقتصاديات المياه في العالم- اقتصاديات المياه في الوطن العربي- المياه والسلام في المنطقة العربية.
653 _aالأمن الغذائي- الوطن العربي
653 _aالموارد المائية - البلدان العربية
942 _cكتاب
999 _c43185
_d43185